Statistics for Guess the Taylor Swift Song 4

Click here to take the quiz!

General Stats

  • This quiz has been taken 38 times
  • The average score is 263 of 321

Answer Stats

Answer% Correct
I
100%
a
97%
in
94%
In
94%
the
94%
The
94%
and
91%
And
91%
do
91%
for
91%
it
91%
it's
91%
just
91%
love
91%
me
91%
We
91%
we
91%
you?
91%
you
91%
You
91%
all
88%
But
88%
can
88%
I'd
88%
if
88%
I'm
88%
like
88%
my
88%
not
88%
that
88%
there
88%
this
88%
to
88%
were
88%
we're
88%
by
85%
go
85%
how
85%
is
85%
said
85%
so
85%
think
85%
When
85%
when
85%
your
85%
you're
85%
You're
85%
babe
82%
can't
82%
Even
82%
false
82%
get
82%
say
82%
Still
82%
still
82%
They
82%
up
82%
away
79%
could
79%
god
79%
out
79%
talk
79%
us
79%
with
79%
crazy
76%
Crazy
76%
die
76%
know
76%
might
76%
New
76%
Remember
76%
worship
76%
about
73%
Got
73%
stupid
73%
thing
73%
times
73%
We'd
73%
blind
70%
City
70%
faith
70%
favorite
70%
good
70%
Hell
70%
honey
70%
jump
70%
leave
70%
lips
70%
lost
70%
ocean
70%
touch
70%
town
70%
work
70%
York
70%
fight
67%
hips
67%
led
67%
road
67%
Staring
67%
warned
67%
altar
64%
gets
64%
hard
64%
heaven's
64%
try
64%
Village
64%
West
64%
window
64%
Daring
61%
patch
61%
Religion's
61%
separating
61%
wine
61%
Make
58%
scare
58%
begging
55%
fly
55%
forgiveness
55%
ah
52%
confessions
48%

Score Distribution

Percentile by Number Answered

Percent of People with Each Score

Your Score History

You have not taken this quiz